03281nam a22002897a 45000010005000000030006000050050017000110080041000280200018000690400029000870500009001160820011001251000021001362450182001572600042003393000049003814900041004305050008004715201480004795200771019595210029027305210020027596500100027796500052028797000030029317000030029618988FISKH20251112163718.0251112b cb ||||| |||| 00| 0 eng d a9789995088842 aFISKHbkhrcFISKHdFISKH aPZ7  a398.22 aSotheary, Kimsun aពស់ថ្លាន់ក្អែពិស :bPhython belching out venom / cរៀបរៀងដោយ អ្នកស្រី គឹមស៊ុន សុធារី  aPhnom Penh : bReading Books, c2007. a20 pages : bcolor illustrations ;c25 cm .  aពិភពរឿងនិទាន aK  aមានប្តីប្រពន្ធទើបរៀបការថ្មីថ្មោង ពួកគេបាននាំគ្នាទៅលេងផ្ទះឳពុកម្តាយនៅភូមិមួយទៀត ។​ ពេលនោះក៏មាន ពស់ថ្លាន់មួយក្បាលមកលិឍដានជើងនោះដើម្បីបញ្ជាក់ពីអំនាចរបស់ខ្លួន ។​​ ដោយសារតែអំនាចនោះប្តីប្រពន្ធក៏ស្លាប់ ហើយឳពុកម្តាយក៏ធ្វើបុណ្យតាមប្រពៃណី ។​ ពស់ថ្លាន់ក៏សួរទៅកាន់ក្អែកថាហេតុអ្វីបានជាមានមនុស្សអ៊ូអរនៅក្នុងភូមិ ? ក្អែកក៏គុហកថាពួកគេកំពុងសប្បាយ ព្រោះពួកគេធ្លាប់ដឹងថាពិសបងថ្លាន់ឯងពូកែគ្រាន់តែលិឍដានជើងមនុស្សក៏សា្លប់ដែរ តែម្តងនេះមិនស្លាប់ទើបគេសប្បាយចិត្ត ។​ ដោយចាញ់កលក្អែក ពស់ថ្លាន់ក៏ក្អែពិសចោល​ ហើយក៏លែងមានអំនាចតទៅទៀត ។​  aA newlywed couple went to visit the husband’s parents in another village. At that time, a venomous snake came and trailed along their path to demonstrate its power. Because of the snake’s power, both the husband and wife died, and the parents performed the traditional funeral rites. The venomous snake then asked the serpent why there were so many people in the village. The serpent explained that the villagers were celebrating, because they had known that the venomous snake was so powerful that even just touching a person with its body could kill them. But this time, no one died, so the villagers were rejoicing. Defeated by the serpent, the venomous snake gave up its venomous power, and from that point onward, it no longer possessed its deadly strength.8 a510 bLexile estimate 8 aK bRaz-Plus  aពស់ថ្លាន់ក្អែរពិសvរឿងនិទានកុមារ​ aPython belching out venom vChildren's Stories  aRotha, Ouk eIllustrator  aVisot, SengeIllustrator